| 000 | 00948 a2200217 4500 | ||
|---|---|---|---|
| 999 |
_c1686 _d1686 |
||
| 020 | _a0534518885 (alk. paper) | ||
| 050 | 0 | 0 | _aHV40 KIR 2001 |
| 100 | 1 | _aKirst-Ashman, Karen Kay. | |
| 245 | 1 | 0 |
_aGeneralist practice with organizations and communities / _cKaren K. Kirst-Ashman and Grafton H. Hull, Jr. |
| 250 | _a2nd ed. | ||
| 264 |
_aBelmont _bBrooks/Cole _c2001 |
||
| 300 |
_axviii, 582 p. : _bill. ; |
||
| 500 | _aAccompanied by a four-month subscription to the Infotrac online library. | ||
| 504 | _aIncludes bibliographical references (p. 555-565) and indexes. | ||
| 650 | 0 | _aSocial service. | |
| 650 | 0 | _aSocial case work. | |
| 650 | 0 | _aCommunity organization. | |
| 700 | 1 |
_aHull, Grafton H., _cJr. |
|
| 942 |
_2lcc _cBK _e2nd ed. _h40 _iKIR _kHV |
||